Stars in Their Underwear: (Registro nro. 322641)

Detalles MARC
000 -ENCABEZADO
Número de control [NR] 00794nam a22001937a 4500
005 - FECHA Y HORA DE LA ÚLTIMA TRANSACCIÓN
control field 20230523105716.0
008 - DE LONGITUD FIJA DE DATOS DE ELEMENTOS - INFORMACIÓN GENERAL
Elementos de longitud fija [NR] 230523b ||||| |||| 00| 0 eng d
020 ## - NUMERO INTERNACIONAL NORMALIZADO PARA LIBROS [R]
Número Internacional Normalizado del libro [NR] 9780578690391
040 ## - FUENTE DE CATALOGACION [NR]
Agencia de catalogación original [NR] CO-BoUCM
Quien Cataloga David Moreno
Quien Clasifica David Moreno
100 1# - ASIENTO PRINCIPAL--NOMBRE PERSONAL [NR]
Nombre personal [NR] Eden, Diana
ID Autoridad 177591
245 10 - MENCION DE TITULO [NR]
Título [NR] Stars in Their Underwear:
Parte restante del título [NR] My unpredictable journey from Broadway dancer to costume designer for some of Hollywood's biggest stars/
Mención de responsabilidad, etc. [NR] Diana Eden
260 ## - PUBLICACION, DISTRIBUCION, ETC. (PIE DE IMPRENTA) [R]
Lugar de publicación, distribución, etc. [R] Middletown
Nombre del editor, distribuidor, etc. [R] Miranda Press
Fecha de publicación, distribución, etc. [R] 2023
300 ## - DESCRIPCION FISICA [R]
Extensión [R] 252 Paginas
650 1# - ASIENTO SECUNDARIO DE MATERIA - TERMINO TEMATICO [R]
Término temático o nombre geográfico como elemento de entrada [NR] Teatros
Subdivisión general [R] Escenografia y decoraciones
Subdivisión geográfica [R] Broadway
9 (RLIN) 177592
650 1# - ASIENTO SECUNDARIO DE MATERIA - TERMINO TEMATICO [R]
Término temático o nombre geográfico como elemento de entrada [NR] Celebridades
Subdivisión general [R] Diseño de vestidos
Subdivisión geográfica [R] Hollywood
9 (RLIN) 177593
700 1# - ASIENTO SECUNDARIO - NOMBRE PERSONAL [R]
Nombre personal [NR] Marisa Cooper
Término de relación [R] ilustrador
9 (RLIN) 177594
942 ## - ELEMENTOS DE ENTRADA AGREGADOS (KOHA)
Sistema de clasificación DEWEY
Tema principal Arte
Tipo de ítem principal el descrito en 300a Libro
Edición 1
Clasificación 792.7
Parte restante de la signatura top. ED22s
Título oculto en OPAC No
Existencias
Total préstamos Signatura topográfica Código de barras Última vez visto Ejemplar Costo de reposición Price effective from Tipo de ítem Nota pública (OPAC) Perdido Sistema de clasificación Dañado No prestable Tipo de ítem específico Suprimido Ubicación habitual Ubicación actual Localización Fecha de creación Forma de adquisición Costo
  792.7 ED22s 100171329 10/12/2025 Ej.1 76800.00 23/05/2023 Libro Spot Teatro Musical   DEWEY     Libro   Sede del emprendimiento y la innovación Sede del Emprendimiento, Innovación y Creación 1er piso 23/05/2023 Compra 76800.00